000 00457nam a2200181Ia 4500
001 2478
005 20260306144810.0
008 260306t1994||||xx |||||||||||||| ||spa||
041 _aESP
082 _a616.891
_bF81L
100 _aFrankl, Viktor E.
_eAUT
245 0 _aLogoterapia y análisis existencial:
_btextos de cinco décadas
260 _c1994
300 _a320 páginas :
_c22 cm.
650 _aGEN
654 _aCPS
942 _cLIB
_dJUS
_fJUS
_2ddc
_n
999 _c2478
_d2478